00443nam a2200157Ia 4500008004100000020001800041082001500059100001800074245002400092250000800116260004700124300002400171500001900195600002100214650005000235240925s9999 xx 000 0 und d a9789350143490 a004.36 AGA aAgarwal, Udit 0aDistributed Systems a1st aNew Delhi:bS.K. Kartaria and sonsc,2014. a1028p.b0fOriginal aIncludes Index aComputer Science aComputer science, information & general works